| 000 | 00486cam a2200181ua 4500 | ||
|---|---|---|---|
| 003 | OSt | ||
| 008 | 241101b |||||||| |||| 00| 0 eng d | ||
| 020 | _a0-85334-352-7 | ||
| 041 | _aeng | ||
| 082 |
_a621.47 _bPAR/EN |
||
| 100 |
_aParker, Colin . _96352 |
||
| 245 | 0 | 0 | _aEnergy from waste: An evaluation of conversion technologies / |
| 250 | _a1 / | ||
| 260 |
_aLondon : _bElsevier applied sciences , _c1985. |
||
| 300 | _a217 ; . | ||
| 700 | 1 |
_aRoberts, Tim . _96353 |
|
| 942 | _cBK | ||
| 999 |
_c9693 _d9693 |
||